Place and placelessness

Saved in:
Bibliographic Details
Main Author: Relph, Edward (Author)
Format: Book
Language:English
Published: Londres Pion Limited 1976
Edition:1a. ed
Series:Research in Planning and Design
Subjects:
Tags: Add Tag
No Tags, Be the first to tag this record!

MARC

LEADER 00000cam a2200000 a 4500
001 UCD5859
003 CL-VaPUC
008 161028e19760000uk |||||||||||||||||eng|d
020 |a 9780850861761 
082 0 4 |a 363.7  |b REL  |2 21 
100 0 |a Relph, Edward  |e author  |9 589652 
245 1 0 |a Place and placelessness 
250 |a 1a. ed 
300 |a 156 p 
942 |c BK 
945 |d 20161028 10:18:00  |a arojas 
260 |a Londres  |b Pion Limited  |c 1976 
650 0 |a Planificación urbana   |9 258176 
650 0 |a Ciudades  |9 265474 
650 0 |a Medio ambiente  |9 257625 
650 0 |a Impacto ambiental  |9 262796 
650 0 |a Gestión ambiental   |9 338121 
583 |a last modification  |c 20161028 10:18:00  |k Rodrigo Vera 
490 0 |a Research in Planning and Design 
999 |c 366399  |d 366397 
952 |0 0  |1 0  |3 erb  |4 0  |6 363_700000000000000_REL_1976  |7 0  |8 A  |9 480623  |a BIBING  |b BIBING  |i 5344778  |o 363.7 REL 1976  |p 5344778  |r 2025-01-20  |w 2019-11-24  |y BK  |z Catalogado en:20161028  |k GEO